Corrosion Control (Record no. 56922)

MARC details
000 -LEADER
fixed length control field 00570nam a22001937a 4500
003 - CONTROL NUMBER IDENTIFIER
control field 00
005 - DATE AND TIME OF LATEST TRANSACTION
control field 20170913111206.0
008 - FIXED-LENGTH DATA ELEMENTS--GENERAL INFORMATION
fixed length control field 170913b xxu||||| |||| 00| 0 eng d
020 ## - NUMERO INTERNATIONAL NORMALISE DES LIVRES
International Standard Book Number 0-442-01088-5
040 ## - SOURCE DU CATALOGAGE
Original cataloging agency BUAC
Language of cataloging Fre
Transcribing agency Buc
100 ## - VEDETTE PRINCIPALE - NOM DE PERSONNE
Personal name Bradford, Samuel
245 ## - TITLE STATEMENT
Title Corrosion Control
Statement of responsibility, etc / par Samuel A. Bradford
260 ## - PUBLICATION, DISTRIBUTION, ETC. (IMPRINT)
Place of publication, distribution, etc New York :
Name of publisher, distributor, etc Van Nostrand Reinhold,
Date of publication, distribution, etc 1992
300 ## - PHYSICAL DESCRIPTION
Extent 354 p.
Other physical details couv. en coul. ;
Dimensions 24 cm
500 ## - GENERAL NOTE
General note Bibliogr. pp. (330 - 331<br/>Index pp. (333 - 354)<br/>
630 ## - SUBJECT ADDED ENTRY--UNIFORM TITLE
Uniform title Sciences appliquées
650 ## - SUBJECT ADDED ENTRY--TOPICAL TERM
Topical term or geographic name as entry element Ingenierie
9 (RLIN) 7877
942 ## - ADDED ENTRY ELEMENTS (KOHA)
Koha item type Libre Accès
Holdings
Withdrawn status Lost status Damaged status Not for loan Location (home branch) Sublocation or collection (holding branch) Shelving location Date acquired Source of acquisition Coded location qualifier Koha issues (times borrowed) Koha full call number Piece designation (barcode) Koha date last seen Copy number Price effective from Koha item type
        Bibliothèque Universitaire Centrale Bibliothèque Universitaire Centrale   13/09/2017 Don ABAR 16/1927   620.193 BRA 16-1927Buc 13/09/2017 01 13/09/2017 Libre Accès


© 2008, Bibliothèques de l'Université d'Abomey-Calavi

04 BP 789 Cotonou, Tél. : +229 21 36 01 01, Fax : +229 21 35 06 32

Courriel : bu@bu.uac.bj